logo

Bir Sreshtho Munshi Abdur Rouf Library
Jhenaidah Cadet College

The Holy Quran : (Record no. 6616)

MARC details
000 -LEADER
fixed length control field 00663nam a22002297a 4500
001 - CONTROL NUMBER
JCCL Control Number 6616
003 - CONTROL NUMBER IDENTIFIER
JCCL marc code BD-JhCC
005 - DATE AND TIME OF LATEST TRANSACTION
control field 20191212134008.0
008 - FIXED-LENGTH DATA ELEMENTS--GENERAL INFORMATION
fixed length control field 180127b xxu||||| |||| 00| 0 mul d
020 ## - INTERNATIONAL STANDARD BOOK NUMBER
International Standard Book Number 8172315708
035 ## - SYSTEM CONTROL NUMBER
system control number (BD-JhCC)6616
040 ## - CATALOGING SOURCE
Original cataloging agency BD-JhCC
Modifying agency BD-JhCC
041 ## - LANGUAGE CODE
Language code of Book eng and arabic
082 ## - DEWEY DECIMAL CLASSIFICATION NUMBER
Classification number 297.122521
Author mark and Year HOL 2007
245 ## - TITLE STATEMENT
Title The Holy Quran :
Remainder of title Transliteration in Roman script with Arabic text and English Translation /
Statement of responsibility, etc Abdullah Yousuf Ali tr.
260 ## - PUBLICATION, DISTRIBUTION, ETC. (IMPRINT)
Place of publication, distribution, etc Dhaka :
Name of publisher, distributor, etc Islamic Book Service,
Date of publication, distribution, etc 2007.
300 ## - PHYSICAL DESCRIPTION
Pagination 704 p. :
Dimensions 24 cm.
650 ## - SUBJECT ADDED ENTRY--TOPICAL TERM
Topical term or geographic name as entry element Quran
700 ## - ADDED ENTRY--PERSONAL NAME
Personal name Ali, Abdullah Yousuf
942 ## - ADDED ENTRY ELEMENTS (KOHA)
Source of classification or shelving scheme Dewey Decimal Classification
Koha item type Books
Koha issues (borrowed), all copies 2
Holdings
Source of classification or shelving scheme Damaged status Not for loan Home library Current library Shelving location Date of accession Total Checkouts Full call number Barcode Date last seen Copy number Koha item type Date checked out
Dewey Decimal Classification     JCC Rouf Library JCC Rouf Library General Stacks 01/22/2018   297.122521 HOL 2007 2 03/16/2023 C - 1 Books  
Dewey Decimal Classification     JCC Rouf Library JCC Rouf Library General Stacks 01/22/2018 1 297.122521 HOL 2007 476 03/18/2020 C - 2 Books 12/11/2019

JCC Library | Contacts | JCC Home

Last Update on 23 September 2017
Copyright @ 2017-2020 JCC Rouf Library
Rouf Library, Jhenidah Cadet College (JCC), Bangladesh